Totalistic organizations (Record no. 80812)

MARC details
000 -LEADER
fixed length control field 00544nam a2200193Ia 4500
008 - FIXED-LENGTH DATA ELEMENTS--GENERAL INFORMATION
fixed length control field 191130s2002##################000#0#eng##
020 ## - INTERNATIONAL STANDARD BOOK NUMBER
ISBN 9780880339940
082 ## - DEWEY DECIMAL CLASSIFICATION NUMBER
Classification number 302.35 KOR
100 ## - MAIN ENTRY--AUTHOR NAME
Personal name Korchak, Alexander
245 ## - TITLE STATEMENT
Title Totalistic organizations
Statement of responsibility, etc Alexander Korchak
260 ## - PUBLICATION, DISTRIBUTION, ETC. (IMPRINT)
Place of publication New York
Name of publisher Columbia University Press
Year of publication 2002
300 ## - PHYSICAL DESCRIPTION
Number of Pages XVII, 219 p. ; 23 cm
650 ## - SUBJECT ADDED ENTRY--TOPICAL TERM
Topical Term Mafia
Topical Term Totalitarismus -- Organisation
991 ## -
-- 411974
Holdings
Withdrawn status Lost status Damaged status Not for loan Home library Current library Shelving location Date acquired Full call number Accession Number Price effective from Koha item type
        Anna Centenary Library Anna Centenary Library 3RD FLOOR, B WING 09.10.2020 302.35 KOR 169538 09.10.2020 English Books

Find us on the map